[Event "VII Open A"]
[Site "Bergamo ITA"]
[Date "2008.09.13"]
[Round "3"]
[White "Buriani, Andrea"]
[Black "Di Pietro, Davide"]
[Result "0-1"]
[WhiteElo "2149"]
[BlackElo "2020"]
[PlyCount "106"]
[EventDate "2008.09.12"]

1. d4 d5 2. Nf3 Nf6 3. e3 c6 4. Bd3 e6 5. Nbd2 Bb4 6. O-O Nbd7 7. c3 Ba5 8. e4
dxe4 9. Nxe4 Nxe4 10. Bxe4 h6 11. Re1 Bc7 12. Bc2 O-O 13. Qd3 f5 14. Qc4 Kh7
15. Bd2 Nf6 16. Rad1 Bd6 17. Qb3 Qc7 18. c4 b6 19. h3 a5 20. Ne5 c5 21. Nf3 Bd7
22. Qe3 Rae8 23. dxc5 Bxc5 24. Qe5 Bd6 25. Qc3 e5 26. a3 e4 27. Nd4 Be5 28. Bc1
Kh8 29. Qb3 Rc8 30. Ne2 Be6 31. Qa2 f4 32. b3 f3 33. Nd4 Bh2+ 34. Kh1 fxg2+ 35.
Kxg2 Bd7 36. Bxe4 Nxe4 37. Rxe4 Rf6 38. Nb5 Rg6+ 39. Kh1 Qb8 40. f4 Bc6 41.
Kxh2 Bxe4 42. Rg1 Rcc6 43. Qe2 Rxg1 44. Kxg1 Rg6+ 45. Kf1 Bg2+ 46. Ke1 Qd8 47.
Bd2 Qh4+ 48. Kd1 Qxh3 49. Kc2 Re6 50. Qf2 Be4+ 51. Kb2 Qd3 52. Be3 Bf5 53. Nd4
Rxe3 0-1

[Event "VII Open A"]
[Site "Bergamo ITA"]
[Date "2008.09.13"]
[Round "3"]
[White "Dervishi, Erald"]
[Black "Brugo, Marco"]
[Result "1-0"]
[WhiteElo "2544"]
[BlackElo "2107"]
[PlyCount "49"]
[EventDate "2008.09.12"]

1. e4 e6 2. d4 d5 3. Nd2 Nf6 4. e5 Nfd7 5. Bd3 c5 6. c3 Nc6 7. Ne2 cxd4 8. cxd4
f6 9. exf6 Nxf6 10. Nf3 Bd6 11. O-O O-O 12. Bg5 Bd7 13. a3 a5 14. Rc1 Qb6 15.
Nc3 Be8 16. Re1 Bh5 17. Na4 Qa7 18. Rxe6 Qb8 19. Bxf6 Bxh2+ 20. Kf1 Rxf6 21.
Rxf6 gxf6 22. Nb6 Ra7 23. Qe1 Bf4 24. Qe6+ Bf7 25. Qg4+ 1-0

[Event "VII Open A"]
[Site "Bergamo ITA"]
[Date "2008.09.13"]
[Round "3"]
[White "Elitropi, Giorgio"]
[Black "Vincenzi, Marco"]
[Result "0-1"]
[WhiteElo "2008"]
[BlackElo "2123"]
[PlyCount "112"]
[EventDate "2008.09.12"]

1. f4 e5 2. e4 exf4 3. Bc4 c6 4. Nc3 d5 5. exd5 Nf6 6. Qf3 Bd6 7. h3 O-O 8.
Nge2 Nxd5 9. Nxd5 cxd5 10. Bxd5 Qh4+ 11. Qf2 Qg5 12. Be4 Re8 13. d3 Nc6 14. h4
Qc5 15. Qxc5 Bxc5 16. Bxc6 bxc6 17. Kd2 Be3+ 18. Kc3 Re5 19. Bxe3 fxe3 20. b3
c5 21. Rae1 Bb7 22. Nf4 f6 23. h5 Rd8 24. Rh4 Rd4 25. Re2 Kf7 26. g3 Bf3 27.
Re1 Ke7 28. Rh2 Kd6 29. a4 a5 30. Kb2 Ke7 31. Kc3 Kf7 32. Kb2 Rd8 33. Kc3 Rde8
34. Kb2 Rg5 35. Rh3 Ree5 36. Kc3 Re8 37. Kc4 Rge5 38. Kc3 Bg4 39. Rh4 Bf3 40.
Rh3 Rb8 41. Kb2 Bc6 42. Kc3 Rb4 43. Rh2 Bf3 44. Rh3 Rd4 45. Kb2 Ke7 46. Kc3 f5
47. Rh2 Kf6 48. Kb2 Kg5 49. Kc3 Rd6 50. Kc4 Rb6 51. Kc3 Rb4 52. Kb2 Rxf4 53.
gxf4+ Kxf4 54. c3 Kg3 55. Rc2 e2 56. Rcc1 Kf2 0-1

[Event "VII Open A"]
[Site "Bergamo ITA"]
[Date "2008.09.13"]
[Round "3"]
[White "Ferretti, Folco"]
[Black "Cecconi, Giovanni Alberto"]
[Result "1-0"]
[WhiteElo "2284"]
[BlackElo "2206"]
[PlyCount "51"]
[EventDate "2008.09.12"]

1. Nf3 f5 2. d3 d6 3. e4 Nf6 4. Nc3 e5 5. exf5 Bxf5 6. d4 e4 7. Nh4 Qd7 8. Nxf5
Qxf5 9. Be2 Qe6 10. O-O Nbd7 11. f3 d5 12. fxe4 dxe4 13. Nb5 Qb6 14. c4 O-O-O
15. Bf4 Ne8 16. b4 a6 17. c5 Nxc5 18. bxc5 Bxc5 19. Be3 Bb4 20. Qb3 Be7 21. Nc3
Qxb3 22. axb3 Nd6 23. Nd5 Bf8 24. Bg5 Re8 25. Bg4+ Kb8 26. Bd7 1-0

[Event "VII Open A"]
[Site "Bergamo ITA"]
[Date "2008.09.13"]
[Round "3"]
[White "Giannetta, Paolo"]
[Black "Ranfagni, Stefano"]
[Result "0-1"]
[WhiteElo "1934"]
[BlackElo "2049"]
[PlyCount "122"]
[EventDate "2008.09.12"]

1. Nf3 d5 2. b3 c5 3. e3 Nc6 4. Bb2 Nf6 5. d4 Bg4 6. Be2 e6 7. Nbd2 Qc7 8. h3
Bh5 9. O-O cxd4 10. exd4 Bd6 11. c4 O-O 12. Re1 Bg6 13. Nh4 Ne4 14. Nxe4 Bxe4
15. f3 Bg3 16. fxe4 Bxh4 17. Rf1 dxe4 18. d5 Rad8 19. Qc2 exd5 20. cxd5 Rxd5
21. Qxe4 Qd8 22. Bc4 Rd7 23. Qg4 Bg5 24. Kh1 Kh8 25. Rad1 f5 26. Qh5 h6 27.
Rxd7 Qxd7 28. Rd1 Qe8 29. Qxe8 Rxe8 30. Rd7 Re7 31. Rd5 f4 32. Rf5 Kh7 33. h4
Bxh4 34. Rxf4 Bg3 35. Bd3+ g6 36. Rf1 Re1 37. Rxe1 Bxe1 38. Be4 Bb4 39. g4 Bf8
40. Kg2 Bg7 41. Ba3 Bd4 42. Kf1 Kg7 43. Bd6 Kf6 44. Bf4 g5 45. Bg3 Be3 46. Ke2
Bf4 47. Bf2 a6 48. Bc5 Bc7 49. Bf8 Ke5 50. Kd3 Kf4 51. Bxc6 bxc6 52. Bxh6 Kxg4
53. Kc4 Bb6 54. a4 Kf5 55. b4 g4 56. Bf8 g3 57. Bd6 g2 58. Bh2 g1=Q 59. Bxg1
Bxg1 60. b5 cxb5+ 61. axb5 a5 0-1

[Event "VII Open A"]
[Site "Bergamo ITA"]
[Date "2008.09.13"]
[Round "3"]
[White "Gilardi, Davide"]
[Black "Gaggino, Davide"]
[Result "1/2-1/2"]
[WhiteElo "1819"]
[BlackElo "1989"]
[PlyCount "120"]
[EventDate "2008.09.12"]

1. d4 d5 2. c4 c6 3. Nf3 Nf6 4. e3 a6 5. b3 Bg4 6. Be2 b5 7. Nbd2 Nbd7 8. O-O
e6 9. a4 b4 10. Bb2 Bd6 11. Ne5 Bxe2 12. Qxe2 Nb8 13. e4 O-O 14. f4 Ra7 15. Rf3
dxe4 16. Nxe4 Bxe5 17. fxe5 Nxe4 18. Qxe4 Rd7 19. Raf1 c5 20. Rh3 g6 21. Rf6
Rxd4 22. Bxd4 Qxd4+ 23. Qxd4 cxd4 24. Rf4 Rd8 25. Rd3 Nc6 26. h4 Kg7 27. Kf2 h6
28. Re4 g5 29. Ke2 Rd7 30. h5 f5 31. exf6+ Kxf6 32. Rf3+ Ke7 33. Kd3 Rd8 34.
Rf5 Kd6 35. Rf6 Re8 36. Rxh6 Kd7 37. Rg6 e5 38. h6 Rf8 39. h7 Rh8 40. Rxc6 Kxc6
41. Rxe5 Rxh7 42. Rxg5 Rd7 43. Rd5 Rg7 44. g4 Rxg4 45. Rxd4 Rg3+ 46. Kc2 Rg2+
47. Rd2 Rg3 48. Re2 Rc3+ 49. Kb2 Rh3 50. Rd2 Rg3 51. Re2 Rh3 52. Re6+ Kc5 53.
Rxa6 Rh2+ 54. Kb1 Kd4 55. Rg6 Rh1+ 56. Kc2 Rh2+ 57. Kb1 Rh1+ 58. Kb2 Rh2+ 59.
Kb1 Rh1+ 60. Kc2 Rh2+ 1/2-1/2

[Event "VII Open A"]
[Site "Bergamo ITA"]
[Date "2008.09.13"]
[Round "3"]
[White "Guglielmi, Dante"]
[Black "Sala, Giovanni"]
[Result "1-0"]
[WhiteElo "1918"]
[BlackElo "1970"]
[PlyCount "65"]
[EventDate "2008.09.12"]

1. c4 c5 2. Nc3 d6 3. g3 g6 4. Bg2 Bg7 5. e3 Nc6 6. Nge2 e5 7. O-O Nge7 8. b3
O-O 9. Bb2 f5 10. d3 Rb8 11. Nd5 Be6 12. f4 a6 13. Qd2 b5 14. Nec3 Kh8 15. Nxe7
Nxe7 16. e4 exf4 17. gxf4 Bd4+ 18. Kh1 Kg8 19. Ne2 Bxb2 20. Qxb2 bxc4 21. dxc4
Bxc4 22. Qc2 Be6 23. Qd3 fxe4 24. Bxe4 d5 25. Bg2 Qb6 26. Nc3 d4 27. Ne4 Nd5
28. Ng5 Nxf4 29. Qg3 Nxg2 30. Qxg2 Bf5 31. Qd5+ Kg7 32. Rae1 h6 33. Re7+ 1-0

[Event "VII Open A"]
[Site "Bergamo ITA"]
[Date "2008.09.13"]
[Round "3"]
[White "Kogan, Artur"]
[Black "Astengo, Marcello"]
[Result "1-0"]
[WhiteElo "2569"]
[BlackElo "2075"]
[PlyCount "37"]
[EventDate "2008.09.12"]

1. e4 e6 2. d4 d5 3. e5 c5 4. Qg4 cxd4 5. Nf3 Nc6 6. Bd3 Qc7 7. Bf4 Qb6 8. Nbd2
Qxb2 9. Nb3 Nge7 10. Bc1 Qc3+ 11. Bd2 Qb2 12. a3 Ng6 13. O-O Ngxe5 14. Nxe5
Nxe5 15. Qg3 Nxd3 16. Qxd3 Bd7 17. Rfb1 Qxa3 18. Rxa3 Bxa3 19. Nxd4 1-0

[Event "VII Open A"]
[Site "Bergamo ITA"]
[Date "2008.09.13"]
[Round "3"]
[White "Korneev, Oleg"]
[Black "Pucovski, Miroslav"]
[Result "1-0"]
[WhiteElo "2631"]
[BlackElo "2346"]
[PlyCount "49"]
[EventDate "2008.09.12"]

1. e4 c5 2. Nf3 Nc6 3. d4 cxd4 4. Nxd4 e5 5. Nb5 d6 6. Be3 Nf6 7. Bg5 a6 8.
Bxf6 gxf6 9. N5c3 Be6 10. Nd2 f5 11. Bc4 Qg5 12. g3 h5 13. Bd5 O-O-O 14. Bxc6
bxc6 15. Qe2 Kb7 16. Nc4 Kc7 17. Nd2 Kb7 18. Nc4 Kc7 19. exf5 Bxf5 20. Na5 Kd7
21. Qxa6 Rc8 22. Nc4 Rc7 23. Rd1 Ke6 24. Nb5 cxb5 25. Nxd6 1-0

[Event "VII Open A"]
[Site "Bergamo ITA"]
[Date "2008.09.13"]
[Round "3"]
[White "Lalic, Bogdan"]
[Black "Salvador, Roland"]
[Result "1/2-1/2"]
[WhiteElo "2533"]
[BlackElo "2443"]
[PlyCount "31"]
[EventDate "2008.09.12"]

1. d4 Nf6 2. c4 c6 3. Nc3 d5 4. Nf3 dxc4 5. a4 Na6 6. e4 Bg4 7. Bxc4 Bxf3 8.
gxf3 e6 9. O-O Nb4 10. Kh1 Be7 11. Rg1 O-O 12. Bh6 Ne8 13. Be3 Qa5 14. f4 Rd8
15. Qe2 Kh8 16. Rad1 1/2-1/2

[Event "VII Open A"]
[Site "Bergamo ITA"]
[Date "2008.09.13"]
[Round "3"]
[White "Maccarini, Luca Nicola"]
[Black "Reduzzi, Maurizio"]
[Result "0-1"]
[WhiteElo "1920"]
[BlackElo "2093"]
[PlyCount "44"]
[EventDate "2008.09.12"]

1. d4 e6 2. Nf3 d5 3. c4 Nf6 4. Nc3 c6 5. Bg5 h6 6. Bxf6 Qxf6 7. e3 Nd7 8. Bd3
g6 9. O-O Qe7 10. Qc2 Bg7 11. Rfe1 O-O 12. cxd5 exd5 13. e4 dxe4 14. Rxe4 Qd6
15. Rae1 Nb6 16. Re7 Bd7 17. d5 Nxd5 18. Nxd5 cxd5 19. Bxg6 fxg6 20. Nd4 Rae8
21. R7e6 Bxe6 22. Qxg6 Bf7 0-1

[Event "VII Open A"]
[Site "Bergamo ITA"]
[Date "2008.09.13"]
[Round "3"]
[White "Quagliarella, Sabino Remo"]
[Black "Piantoni, Roberto"]
[Result "0-1"]
[WhiteElo "1925"]
[BlackElo "2119"]
[PlyCount "68"]
[EventDate "2008.09.12"]

1. d4 Nf6 2. Nf3 c5 3. c3 cxd4 4. cxd4 d5 5. Nc3 Nc6 6. e3 g6 7. Be2 Bg7 8. O-O
O-O 9. h3 a6 10. b3 Bf5 11. Bb2 Qd6 12. Rc1 Rad8 13. Bd3 Bc8 14. Qe2 Rfe8 15.
Rfd1 e5 16. dxe5 Nxe5 17. Bb1 Nc6 18. Na4 Qb4 19. Nc5 Qb6 20. Nd4 Ne5 21. Qc2
Ne4 22. Nxe4 dxe4 23. Kf1 Nd3 24. Rxd3 exd3 25. Qxd3 Bd7 26. Kg1 Bf5 27. Qf1
Bxb1 28. Rxb1 Qa5 29. a4 Rc8 30. Rc1 Qd2 31. Ba3 Bxd4 32. Rxc8 Rxc8 33. exd4
Qxd4 34. Qe2 Qa1+ 0-1

[Event "VII Open A"]
[Site "Bergamo ITA"]
[Date "2008.09.13"]
[Round "3"]
[White "Sanchez, Joseph"]
[Black "Tratar, Marko"]
[Result "1/2-1/2"]
[WhiteElo "2486"]
[BlackElo "2486"]
[PlyCount "86"]
[EventDate "2008.09.12"]

1. e4 e6 2. d4 d5 3. Nc3 dxe4 4. Nxe4 Nd7 5. Nf3 Ngf6 6. Bg5 h6 7. Nxf6+ Nxf6
8. Bh4 c5 9. Bb5+ Bd7 10. Bxd7+ Qxd7 11. Qe2 Be7 12. O-O-O O-O 13. Ne5 Qa4 14.
Qc4 Qxc4 15. Nxc4 Rfd8 16. dxc5 g5 17. Bg3 Bxc5 18. c3 Nd5 19. Ne5 f6 20. Nd3
Bb6 21. Kc2 e5 22. Rhe1 Rac8 23. Kb3 e4 24. Rxe4 f5 25. Re6 f4 26. Rxh6 Kg7 27.
Re6 fxg3 28. hxg3 Re8 29. Rde1 Nc7 30. R6e5 Rxe5 31. Rxe5 Kf6 32. f4 gxf4 33.
gxf4 Rg8 34. a4 Ne6 35. Rb5 Nc7 36. Rh5 Rxg2 37. a5 Be3 38. Re5 Bxf4 39. Nxf4
Rxb2+ 40. Kc4 Ra2 41. Rc5 Na6 42. Nd5+ Ke6 43. Nc7+ Nxc7 1/2-1/2

[Event "VII Open A"]
[Site "Bergamo ITA"]
[Date "2008.09.13"]
[Round "3"]
[White "Scipioni, Gaetano"]
[Black "Panjkovic, Aleksandar"]
[Result "1-0"]
[WhiteElo "2077"]
[BlackElo "2148"]
[PlyCount "77"]
[EventDate "2008.09.12"]

1. d4 f5 2. Nf3 Nf6 3. Bf4 e6 4. e3 d5 5. c4 c6 6. Nc3 Bb4 7. Bd3 Qa5 8. Qb3
Nbd7 9. O-O Ne4 10. Bxe4 fxe4 11. Nd2 Nf6 12. a3 Be7 13. f3 exf3 14. Nxf3 Qb6
15. Qc2 dxc4 16. Ne5 Qb3 17. Qe2 O-O 18. Nxc4 Nd5 19. Bd6 Bxd6 20. Nxd6 Bd7 21.
Nde4 Rf5 22. Nc5 Nxc3 23. bxc3 Qd5 24. e4 Rxf1+ 25. Rxf1 Qd6 26. Nxb7 Qxa3 27.
Nc5 Be8 28. Qc4 Bg6 29. Qxe6+ Kh8 30. Qxc6 Rg8 31. Nd3 Be8 32. Qc5 Qb3 33. Ne5
Qa2 34. h3 a5 35. Rf8 Qb1+ 36. Kh2 Qxe4 37. Qe7 a4 38. Nf7+ Bxf7 39. Rxg8+ 1-0

[Event "VII Open A"]
[Site "Bergamo ITA"]
[Date "2008.09.13"]
[Round "3"]
[White "Steffenello, Leonard"]
[Black "Sala, Marcello"]
[Result "1-0"]
[WhiteElo "2118"]
[BlackElo "1831"]
[PlyCount "53"]
[EventDate "2008.09.12"]

1. d4 Nf6 2. c4 g6 3. Nc3 d5 4. Bg5 Ne4 5. Bf4 Nxc3 6. bxc3 Bg7 7. Nf3 c5 8. e3
O-O 9. cxd5 Qxd5 10. Be2 cxd4 11. cxd4 Nc6 12. O-O Bg4 13. Rb1 b6 14. Qa4 e5
15. dxe5 Bd7 16. Rfd1 Qe6 17. Rxd7 Qxd7 18. Rd1 Qe7 19. Qxc6 Rac8 20. Qd6 Qb7
21. e6 Rc6 22. exf7+ Rxf7 23. Qd8+ Bf8 24. Qd5 Qc8 25. Ne5 Rcc7 26. Nxf7 Rxf7
27. Bc4 1-0

[Event "VII Open A"]
[Site "Bergamo ITA"]
[Date "2008.09.13"]
[Round "3"]
[White "Todorov, Todor"]
[Black "Martinez, Rolly"]
[Result "1/2-1/2"]
[WhiteElo "2504"]
[BlackElo "2441"]
[PlyCount "121"]
[EventDate "2008.09.12"]

1. e4 c5 2. g3 Nc6 3. Bg2 g6 4. Ne2 Bg7 5. O-O d6 6. c3 e5 7. Na3 Nge7 8. Nc2
f5 9. d4 fxe4 10. dxc5 d5 11. c4 d4 12. Bxe4 Bf5 13. Qd3 Qa5 14. b4 Nxb4 15.
Nxb4 Qxb4 16. Bg5 Qxc5 17. Bxe7 Bxe4 18. Qxe4 Qxe7 19. Rab1 O-O-O 20. Nf4 Rd7
21. Nd3 Rc7 22. Rb5 Rd8 23. Rfb1 Rdd7 24. Ra5 Rxc4 25. Rxa7 Kb8 26. Ra5 Qd6 27.
Rxe5 Bxe5 28. Nxe5 Rcc7 29. Nxd7+ Rxd7 30. Qd3 Qd5 31. Qb3 Qc5 32. Rd1 Rd5 33.
h4 Qd6 34. Rd3 Qe5 35. Qd1 Qe4 36. Qd2 h6 37. Rb3 d3 38. Rb4 Qe5 39. Rb1 g5 40.
Re1 Qd4 41. hxg5 hxg5 42. Re8+ Ka7 43. Kg2 g4 44. Re1 Ka6 45. Qf4 d2 46. Rd1
Qxf4 47. gxf4 Kb5 48. Kg3 Kc4 49. Kxg4 Kd3 50. f5 Ke2 51. Rb1 Kxf2 52. f6 d1=Q+
53. Rxd1 Rxd1 54. f7 Rd8 55. Kf5 Ke3 56. Ke6 Kd4 57. Ke7 Ra8 58. f8=Q Rxf8 59.
Kxf8 Kc3 60. Ke7 Kb2 61. Kd6 1/2-1/2

[Event "VII Open A"]
[Site "Bergamo ITA"]
[Date "2008.09.13"]
[Round "3"]
[White "Vezzosi, Paolo"]
[Black "Drazic, Sinisa"]
[Result "0-1"]
[WhiteElo "2352"]
[BlackElo "2505"]
[PlyCount "96"]
[EventDate "2008.09.12"]

1. d4 c6 2. c4 Nf6 3. Nc3 d5 4. e3 a6 5. Nf3 e6 6. a3 Nbd7 7. Qc2 b5 8. c5 e5
9. dxe5 Ng4 10. b4 Ndxe5 11. Bb2 Qc7 12. Nxe5 Nxe5 13. O-O-O Be7 14. e4 d4 15.
Rxd4 O-O 16. Be2 a5 17. f4 axb4 18. axb4 Nc4 19. g3 Be6 20. Bxc4 Bxc4 21. Rhd1
Ra7 22. Nb1 Rfa8 23. Qc3 Bf8 24. Nd2 Be2 25. Re1 Bg4 26. e5 Qc8 27. Ne4 Qe6 28.
Re3 h5 29. Nd6 h4 30. gxh4 Be7 31. Qb3 Qg6 32. Qd3 Qh5 33. h3 Be6 34. f5 Bc4
35. Qe4 Bd5 36. Qf4 Ra4 37. f6 Bxd6 38. exd6 Ra1+ 39. Bxa1 Rxa1+ 40. Kb2 Ra2+
41. Kb1 Qg6+ 42. Rde4 Qg1+ 43. Re1 Bxe4+ 44. Kxa2 Qxe1 45. d7 Qb1+ 46. Ka3 Qa1+
47. Kb3 Qb1+ 48. Kc3 Qc2+ 0-1

[Event "VII Open A"]
[Site "Bergamo ITA"]
[Date "2008.09.13"]
[Round "4"]
[White "Astengo, Marcello"]
[Black "Quagliarella, Sabino Remo"]
[Result "0-1"]
[WhiteElo "2075"]
[BlackElo "1925"]
[PlyCount "46"]
[EventDate "2008.09.12"]

1. d4 Nf6 2. c4 d5 3. cxd5 g6 4. f3 Nxd5 5. e4 Nb6 6. Be3 Bg7 7. Nc3 c6 8. Qd2
Be6 9. b3 Qd6 10. Rc1 Na6 11. Bxa6 bxa6 12. Nge2 Rd8 13. O-O O-O 14. Rfd1 Bc8
15. a4 a5 16. Nb1 Be6 17. Qc2 Qb4 18. Rd3 f5 19. Qxc6 Bxb3 20. Nd2 Rc8 21. Qb7
Rxc1+ 22. Nxc1 Bc2 23. Na2 Qxa4 0-1

[Event "VII Open A"]
[Site "Bergamo ITA"]
[Date "2008.09.13"]
[Round "4"]
[White "Bellavita, Guido"]
[Black "Gilardi, Davide"]
[Result "1/2-1/2"]
[WhiteElo "2101"]
[BlackElo "1819"]
[PlyCount "61"]
[EventDate "2008.09.12"]

1. c4 Nf6 2. Nc3 g6 3. g3 Bg7 4. Bg2 O-O 5. e4 d6 6. Nge2 c5 7. d3 Nc6 8. O-O
Rb8 9. h3 a6 10. a4 Ne8 11. f4 Nd4 12. Kh2 Nc7 13. Nxd4 cxd4 14. Ne2 b5 15. b3
bxc4 16. bxc4 Ne6 17. Bd2 Nc5 18. Qc2 Bd7 19. a5 Qc7 20. Ra3 Qb7 21. Nc1 Qb2
22. Ra2 Qxc2 23. Rxc2 Ba4 24. Ra2 Rb1 25. Rf2 Rfb8 26. Bf1 Bc6 27. Bg2 Na4 28.
Bf3 Nc3 29. Ra3 R8b2 30. Kg2 Rb8 31. g4 1/2-1/2

[Event "VII Open A"]
[Site "Bergamo ITA"]
[Date "2008.09.13"]
[Round "4"]
[White "Borgo, Giulio"]
[Black "Todorov, Todor"]
[Result "1/2-1/2"]
[WhiteElo "2442"]
[BlackElo "2504"]
[PlyCount "40"]
[EventDate "2008.09.12"]

1. e4 c5 2. Nf3 Nc6 3. Bb5 Nf6 4. Bxc6 dxc6 5. d3 Bg4 6. Nbd2 Nd7 7. Nc4 g6 8.
h3 Bxf3 9. Qxf3 Bg7 10. O-O Ne5 11. Nxe5 Bxe5 12. Bh6 Bxb2 13. Rab1 Qd4 14. c3
Bxc3 15. Rxb7 f6 16. Rc1 Bb4 17. e5 Qxe5 18. a3 Ba5 19. Qxc6+ Kf7 20. Qb5 Bd8
1/2-1/2

[Event "VII Open A"]
[Site "Bergamo ITA"]
[Date "2008.09.13"]
[Round "4"]
[White "Brugo, Marco"]
[Black "Giancotti, Eraldo"]
[Result "1-0"]
[WhiteElo "2107"]
[BlackElo "2092"]
[PlyCount "67"]
[EventDate "2008.09.12"]

1. d4 g6 2. e4 Bg7 3. c4 d6 4. Nc3 Nf6 5. Be2 O-O 6. Nf3 Na6 7. Bg5 c5 8. d5
Nc7 9. Qd2 Bg4 10. Bh6 Bxf3 11. Bxf3 a6 12. h4 Bxh6 13. Qxh6 e5 14. h5 Qe7 15.
g4 Rad8 16. O-O-O b5 17. Rh3 Nd7 18. Rdh1 g5 19. Rg1 bxc4 20. Be2 Nb6 21. Rf3
f6 22. Nd1 Nb5 23. Ne3 Rd7 24. Nf5 Qd8 25. Rgg3 Nd4 26. Nxd4 cxd4 27. Rf5 Rdf7
28. Rgf3 a5 29. b3 cxb3 30. axb3 Qc7+ 31. Kd1 Rc8 32. Ke1 Nd7 33. Kf1 Rcf8 34.
Bb5 1-0

[Event "VII Open A"]
[Site "Bergamo ITA"]
[Date "2008.09.13"]
[Round "4"]
[White "De Palma, Fabrizio"]
[Black "Cecconi, Giovanni Alberto"]
[Result "1-0"]
[WhiteElo "2005"]
[BlackElo "2206"]
[PlyCount "103"]
[EventDate "2008.09.12"]

1. Nf3 f5 2. d4 Nf6 3. Bg5 e6 4. Nbd2 Be7 5. Bxf6 Bxf6 6. e4 fxe4 7. Nxe4 b6 8.
Bd3 Nc6 9. O-O O-O 10. c3 Bb7 11. Re1 Ne7 12. Ng3 Bxf3 13. Qxf3 g6 14. Qe4 Nf5
15. Nf1 Bg7 16. Nd2 Qf6 17. Nf3 Rae8 18. Re2 Nd6 19. Qg4 Qf4 20. Qxf4 Rxf4 21.
Ne5 Re7 22. g3 Rf6 23. f4 Nf5 24. Rae1 c5 25. dxc5 bxc5 26. Bb5 d6 27. Ng4 Rf8
28. Rxe6 Rxe6 29. Rxe6 Rb8 30. Bc4 Kf8 31. Nf6 Bxf6 32. Rxf6+ Ke8 33. b3 Rb7
34. Kf2 Re7 35. Re6 Kd7 36. Rxe7+ Nxe7 37. Kf3 d5 38. Bd3 Kd6 39. g4 a5 40. h4
Nc6 41. g5 Ke6 42. Kg4 Kf7 43. h5 gxh5+ 44. Kxh5 Kg7 45. f5 Ne5 46. f6+ Kg8 47.
Bf5 d4 48. Be6+ Kh8 49. cxd4 cxd4 50. Kh6 d3 51. f7 Ng6 52. Bf5 1-0

[Event "VII Open A"]
[Site "Bergamo ITA"]
[Date "2008.09.13"]
[Round "4"]
[White "Di Pietro, Davide"]
[Black "Astengo, Corrado"]
[Result "1-0"]
[WhiteElo "2020"]
[BlackElo "2121"]
[PlyCount "121"]
[EventDate "2008.09.12"]

1. d4 d5 2. c4 e6 3. Nf3 c6 4. Nc3 dxc4 5. e4 b5 6. e5 Bb4 7. Be2 Bb7 8. O-O
Bxc3 9. bxc3 Ne7 10. Ng5 c5 11. Bf3 Qc7 12. Ne4 Bxe4 13. Bxe4 Nbc6 14. Qg4 O-O
15. Bh6 Ng6 16. Be3 cxd4 17. cxd4 Rad8 18. Rfd1 Rd7 19. h4 Rfd8 20. h5 Nf8 21.
Bh6 g6 22. Qg5 f5 23. exf6 Rd5 24. Bxd5 Rxd5 25. Qg4 Rxh5 26. Bf4 Qd8 27. f7+
Kxf7 28. Qf3 Qd5 29. Qg3 Nxd4 30. Qe3 e5 31. Bxe5 Qxe5 32. Qxe5 Rxe5 33. Rxd4
Rc5 34. Kf1 a5 35. Re1 b4 36. Rf4+ Kg7 37. Re7+ Kh6 38. Rxf8 b3 39. axb3 cxb3
40. Rb8 a4 41. Ra7 Rc4 42. Ke2 Rc2+ 43. Kf3 Ra2 44. Rb5 b2 45. g4 Ra3+ 46. Kf4
g5+ 47. Ke4 Rb3 48. Ra6+ Kg7 49. Rxg5+ Kf7 50. Ra7+ Kf6 51. Rf5+ Ke6 52. Re5+
Kd6 53. Rd5+ Kc6 54. Rd1 a3 55. Rb1 Kc5 56. Rxa3 Rxa3 57. Rxb2 Ra7 58. Rd2 Rf7
59. f4 Kc6 60. f5 Rg7 61. Kf4 1-0

[Event "VII Open A"]
[Site "Bergamo ITA"]
[Date "2008.09.13"]
[Round "4"]
[White "Drazic, Sinisa"]
[Black "Sanchez, Joseph"]
[Result "1-0"]
[WhiteElo "2505"]
[BlackElo "2486"]
[PlyCount "115"]
[EventDate "2008.09.12"]

1. d4 d5 2. Nf3 c6 3. Bf4 Nf6 4. e3 Qb6 5. Qc1 Bg4 6. Ne5 Be6 7. Be2 Nbd7 8.
O-O g6 9. c4 Bg7 10. Nxd7 Nxd7 11. cxd5 Bxd5 12. Nc3 Be6 13. b3 O-O 14. Qa3
Rfe8 15. Rac1 a5 16. Rc2 Qb4 17. Qc1 Nf6 18. Na4 Nh5 19. Bc7 Rac8 20. Bb6 Qd6
21. Bxa5 Bf5 22. Rc5 Nf6 23. Nb6 Rb8 24. Bf3 Be4 25. Qd1 h5 26. h3 e6 27. Qe2
Bxf3 28. Qxf3 Nd5 29. Rd1 Bf8 30. Rc2 Bg7 31. Qe2 Qe7 32. a4 Nxb6 33. Bxb6 Qb4
34. a5 Qxb3 35. Rb2 Qd5 36. Rdb1 e5 37. dxe5 Bxe5 38. Rd2 Qe4 39. Qd1 Bc3 40.
Rd3 Qe5 41. f4 Qg7 42. Qc2 Bf6 43. Bc7 Ra8 44. Rxb7 g5 45. fxg5 Bxg5 46. Qf2
Re7 47. h4 Bf6 48. Rb8+ Rxb8 49. Bxb8 Rb7 50. Bg3 Rb1+ 51. Kh2 Ra1 52. Rd6 Be7
53. Rxc6 Rxa5 54. Rc8+ Kh7 55. Qc2+ f5 56. Rc7 Rb5 57. Qe2 f4 58. Bxf4 1-0

[Event "VII Open A"]
[Site "Bergamo ITA"]
[Date "2008.09.13"]
[Round "4"]
[White "Gaggino, Davide"]
[Black "Maccarini, Luca Nicola"]
[Result "1/2-1/2"]
[WhiteElo "1989"]
[BlackElo "1920"]
[PlyCount "149"]
[EventDate "2008.09.12"]

1. Nf3 Nf6 2. c4 e6 3. Nc3 d5 4. e3 Be7 5. Be2 O-O 6. O-O b6 7. b3 Bb7 8. Bb2
Nbd7 9. d3 Qc8 10. Rc1 dxc4 11. bxc4 Rd8 12. Qc2 c5 13. Rfd1 Qc7 14. Nb5 Qb8
15. h3 a6 16. Nc3 Qc7 17. Ng5 Ng4 18. hxg4 Bxg5 19. Ne4 Bxe4 20. dxe4 Bf6 21.
g3 Bxb2 22. Qxb2 Nf8 23. e5 Rxd1+ 24. Rxd1 Rd8 25. Rxd8 Qxd8 26. f4 Qc7 27. Qb1
g6 28. Qd1 Nd7 29. Kf2 Nb8 30. Qd3 Nc6 31. a3 Na7 32. a4 Nc6 33. Bf3 Qd8 34.
Qd6 Qxd6 35. exd6 Nd8 36. g5 h6 37. gxh6 Kh7 38. e4 Kxh6 39. e5 g5 40. a5 bxa5
41. Bd1 gxf4 42. gxf4 Kg6 43. Bc2+ f5 44. Bd1 Kf7 45. Ba4 Nb7 46. Bc6 a4 47.
Bxa4 Na5 48. Bd7 Nxc4 49. Ke2 Nb6 50. Bc6 a5 51. Kd3 a4 52. Kc3 Nd5+ 53. Kb2
Nxf4 54. Bxa4 Ng6 55. Bd1 Nxe5 56. Kc3 Ke8 57. Ba4+ Kd8 58. Kd2 f4 59. Ke2 Kc8
60. Bb5 Nd7 61. Kf3 e5 62. Ke4 Kd8 63. Kf5 f3 64. Kg4 e4 65. Kf4 Nf6 66. Ke3
Ne8 67. d7 Nd6 68. Bc6 c4 69. Ba4 c3 70. Kf2 Nf5 71. Bc2 Nd4 72. Bxe4 Kxd7 73.
Ke3 Kd6 74. Bxf3 Nxf3 75. Kd3 1/2-1/2

[Event "VII Open A"]
[Site "Bergamo ITA"]
[Date "2008.09.13"]
[Round "4"]
[White "Pisani, Valerio"]
[Black "Vezzosi, Paolo"]
[Result "0-1"]
[WhiteElo "1707"]
[BlackElo "2352"]
[PlyCount "60"]
[EventDate "2008.09.12"]

1. Nf3 Nf6 2. b3 d5 3. Bb2 Bf5 4. d4 e6 5. e3 Nbd7 6. Bd3 Bd6 7. O-O c6 8. h3
Ne4 9. Qe2 Qf6 10. Nbd2 g5 11. c4 h5 12. cxd5 exd5 13. Ne5 Nxe5 14. dxe5 Bxe5
15. Bxe5 Qxe5 16. Bxe4 Bxe4 17. f4 gxf4 18. exf4 Qd4+ 19. Kh2 O-O-O 20. Nf3
Bxf3 21. Qxf3 Rde8 22. Rae1 Re4 23. Rxe4 dxe4 24. Qe2 e3 25. Rf3 Re8 26. Kg1
Qd2 27. Kf1 Qc1+ 28. Qe1 e2+ 29. Kf2 Qc5+ 30. Kg3 Qd4 0-1

[Event "VII Open A"]
[Site "Bergamo ITA"]
[Date "2008.09.13"]
[Round "4"]
[White "Pucovski, Miroslav"]
[Black "Reduzzi, Maurizio"]
[Result "1-0"]
[WhiteElo "2346"]
[BlackElo "2093"]
[PlyCount "65"]
[EventDate "2008.09.12"]

1. e4 e6 2. d4 d5 3. e5 c5 4. c3 Nc6 5. Nf3 Bd7 6. Bd3 Qc7 7. a3 c4 8. Bc2 f6
9. Qe2 O-O-O 10. O-O Nge7 11. Re1 h6 12. Nbd2 f5 13. b3 Na5 14. Rb1 g5 15. a4
Ng6 16. b4 Nc6 17. Nf1 b6 18. Kh1 Be7 19. Ng1 Rdg8 20. Nh3 g4 21. Nf4 Nxf4 22.
Bxf4 Bg5 23. Qd2 Be8 24. Ng3 Qe7 25. Ne2 Qd8 26. Be3 Bf7 27. Nf4 a6 28. b5 axb5
29. Rxb5 Qc7 30. Reb1 Bd8 31. a5 Nxa5 32. Nxd5 exd5 33. Bxf5+ 1-0

[Event "VII Open A"]
[Site "Bergamo ITA"]
[Date "2008.09.13"]
[Round "4"]
[White "Ranfagni, Stefano"]
[Black "Guglielmi, Dante"]
[Result "1/2-1/2"]
[WhiteElo "2049"]
[BlackElo "1918"]
[PlyCount "66"]
[EventDate "2008.09.12"]

1. e4 c5 2. Nc3 Nc6 3. g3 Nf6 4. Bg2 g6 5. d3 Bg7 6. Be3 d6 7. Qd2 Ng4 8. Nge2
Nxe3 9. fxe3 O-O 10. O-O Bd7 11. d4 Qc8 12. Nd5 Qd8 13. c3 e6 14. Ndf4 Ne7 15.
Rad1 e5 16. dxe5 Bxe5 17. Nd3 Bb5 18. Nef4 Qc7 19. Qc2 Bg7 20. c4 Bd7 21. b4
Rad8 22. bxc5 dxc5 23. Nd5 Nxd5 24. exd5 Rde8 25. Rfe1 Qd6 26. e4 Bd4+ 27. Kh1
f5 28. Nf4 fxe4 29. Bxe4 Re7 30. Bg2 Rfe8 31. Rxe7 Rxe7 32. Ne6 Bxe6 33. dxe6
Kg7 1/2-1/2